Consumer Behavior (Record no. 31327)
[ view plain ]
| 000 -LEADER | |
|---|---|
| fixed length control field | 00396nam a2200157Ia 4500 |
| 008 - FIXED-LENGTH DATA ELEMENTS--GENERAL INFORMATION | |
| fixed length control field | 250527s9999 xx 000 0 und d |
| 020 ## - INTERNATIONAL STANDARD BOOK NUMBER | |
| International Standard Book Number | 978-0070387676 |
| 082 ## - DEWEY DECIMAL CLASSIFICATION NUMBER | |
| Classification number | 658.8342 LOU |
| 100 ## - MAIN ENTRY--PERSONAL NAME | |
| Personal name | Loudon, David L. |
| 245 #0 - TITLE STATEMENT | |
| Title | Consumer Behavior |
| 250 ## - EDITION STATEMENT | |
| Edition statement | 4th ed. |
| 260 ## - PUBLICATION, DISTRIBUTION, ETC. | |
| Place of publication, distribution, etc. | New York: |
| Name of publisher, distributor, etc. | McGraw-Hill College, |
| Date of publication, distribution, etc. | 1993 |
| 300 ## - PHYSICAL DESCRIPTION | |
| Extent | xxiii, 788p. |
| 600 ## - SUBJECT ADDED ENTRY--PERSONAL NAME | |
| Personal name | Management Science |
| 942 ## - ADDED ENTRY ELEMENTS (KOHA) | |
| Koha item type | Gifted & Donated Books |
| Withdrawn status | Lost status | Damaged status | Not for loan | Home library | Current library | Shelving location | Date acquired | Source of acquisition | Total checkouts | Full call number | Barcode | Date last seen | Price effective from | Koha item type | Public note |
|---|---|---|---|---|---|---|---|---|---|---|---|---|---|---|---|
| UITU Library | UITU Library | Gifted Books | 05/27/2025 | Gifted by Mr. Anzar Alam | 658.8342 LOU | G161 | 05/27/2025 | 05/27/2025 | Gifted & Donated Books | Gifted by Mr. Anzar Alam |

